| 000 | 00651cab a22001935a 4500 | ||
|---|---|---|---|
| 001 | L142324 | ||
| 008 | 080205s2008 xxkeo f 000 0 eng d | ||
| 035 | _a(Sirsi) u142324 | ||
| 041 | 0 | _aeng | |
| 100 | 1 | _aYoung, Eleanor | |
| 245 | 0 | 0 | _aMountain rescue |
| 260 | _c2008 | ||
| 490 |
_aRIBA Journal _v115(2) February 2008, 52-58(6) |
||
| 520 | _aReports on the design, architecture and costing of Everest Community College in Basingstoke. Contains brief building costs, layout plans and specifications. The total cost was £21 532 368. | ||
| 590 | _aKA | ||
| 651 | 4 |
_aUnited Kingdom _y |
|
| 690 | _aBUILT ENVIRONMENT-BUILDING COSTS | ||
| 942 | _n0 | ||
| 999 |
_c79771 _d79771 |
||